Innovación educativa
Tallennettuna:
| Päätekijä: | |
|---|---|
| Aineistotyyppi: | Kirja |
| Kieli: | espanja |
| Julkaistu: |
Buenos Aires
Bonum
2009
|
| Painos: | 3a. ed |
| Aiheet: | |
| Tagit: |
Lisää tagi
Ei tageja, Lisää ensimmäinen tagi!
|
MARC
| LEADER | 00000cam a2200000 a 4500 | ||
|---|---|---|---|
| 001 | UCE7654 | ||
| 003 | CL-VaPUC | ||
| 008 | 150626e20090000ag |||||||||||||||||spa|d | ||
| 020 | |a 9789505077289 | ||
| 082 | 0 | 4 | |a 370 |b MOS |2 21 |
| 100 | |a Moschen, Juan Carlos |e autor |9 580334 | ||
| 245 | 1 | 0 | |a Innovación educativa |
| 250 | |a 3a. ed | ||
| 300 | |a 160 p | ||
| 942 | |c BK | ||
| 945 | |d 20150626 15:30:00 |a gsalatino | ||
| 260 | |a Buenos Aires |b Bonum |c 2009 | ||
| 650 | 0 | |a Innovaciones pedagógicas |9 307471 | |
| 650 | 0 | |a Métodos de enseñanza |9 270413 | |
| 583 | |a last modification |c 20160914 11:23:08 |k Rodrigo Vera | ||
| 999 | |c 359705 |d 359703 | ||
| 952 | |0 0 |1 0 |3 erb |4 0 |6 370_000000000000000_MOS_2009 |7 0 |8 A |9 469102 |a BIBTEO |b BIBTEO |i 5165776 |o 370 MOS 2009 |p 5165776 |r 2025-01-17 |w 2019-11-23 |y BK |z Catalogado en:20150626 |k ICR | ||